| 000 | 00618nam a22001815i 4500 | ||
|---|---|---|---|
| 001 | 161764 | ||
| 003 | ES-MaACL | ||
| 005 | 20230906212344.0 | ||
| 008 | 041022s1878 fr |||| | fre d | ||
| 040 |
_aCAM _bspa _cCAM |
||
| 100 | 1 |
_aPérez, Bernard. _990560 |
|
| 245 | 1 | 4 |
_aLes trois premières années de l'enfant / _cpar Bernard Pérez. |
| 260 |
_aParis : _bLibraire Germer Baillière, _c1878 ( _fImp. A. Derenne) |
||
| 300 |
_aXIV, 294 p. ; _c17 cm. |
||
| 594 | _aPrecede al tit.: "Étude de Psychologie Expérimentale" | ||
| 650 | 4 |
_aNiños- _xPsicología. _915554 |
|
| 852 |
_aES-MaACL _jF-11491 _z-- Enc. hol. |
||
| 999 |
_c161764 _d161764 |
||